<?xml version="1.0" encoding="UTF-8"?>
<record
    xmlns:xsi="http://www.w3.org/2001/XMLSchema-instance"
    xsi:schemaLocation="http://www.loc.gov/MARC21/slim http://www.loc.gov/standards/marcxml/schema/MARC21slim.xsd"
    xmlns="http://www.loc.gov/MARC21/slim">

  <leader>04889ncm0a2200493   4500</leader>
  <controlfield tag="001">RU\NLR\ONIZ\224816</controlfield>
  <controlfield tag="005">20250626151327.0</controlfield>
  <datafield tag="035" ind1=" " ind2=" ">
    <subfield code="a">RU\NLR\ONIZ\GALA\5000034042\20190115135700</subfield>
  </datafield>
  <datafield tag="035" ind1=" " ind2=" ">
    <subfield code="a">(NLR Aleph) 011915570</subfield>
  </datafield>
  <datafield tag="071" ind1="2" ind2="0">
    <subfield code="a">&#x441; 3570 &#x43A;</subfield>
  </datafield>
  <datafield tag="090" ind1=" " ind2=" ">
    <subfield code="a">10961191</subfield>
    <subfield code="c">10961191</subfield>
  </datafield>
  <datafield tag="100" ind1=" " ind2=" ">
    <subfield code="a">20190115d2004    |||y0rusy50      ca</subfield>
  </datafield>
  <datafield tag="101" ind1="0" ind2=" ">
    <subfield code="a">rus</subfield>
  </datafield>
  <datafield tag="102" ind1=" " ind2=" ">
    <subfield code="a">RU</subfield>
  </datafield>
  <datafield tag="125" ind1=" " ind2=" ">
    <subfield code="a">ax</subfield>
  </datafield>
  <datafield tag="200" ind1="1" ind2=" ">
    <subfield code="a">&#x418;&#x437;&#x431;&#x440;&#x430;&#x43D;&#x43D;&#x44B;&#x435; &#x43F;&#x44C;&#x435;&#x441;&#x44B;</subfield>
    <subfield code="b">&#x41D;&#x43E;&#x442;&#x44B;</subfield>
    <subfield code="e">&#x434;&#x43B;&#x44F; &#x441;&#x43A;&#x440;&#x438;&#x43F;&#x43A;&#x438; &#x438; &#x444;&#x43E;&#x440;&#x442;&#x435;&#x43F;&#x438;&#x430;&#x43D;&#x43E;</subfield>
    <subfield code="d">Selected pieces</subfield>
    <subfield code="e">for violin and piano</subfield>
    <subfield code="f">&#x421;. &#x420;&#x430;&#x445;&#x43C;&#x430;&#x43D;&#x438;&#x43D;&#x43E;&#x432;</subfield>
    <subfield code="g">&#x440;&#x435;&#x434;.-&#x441;&#x43E;&#x441;&#x442;. &#x421;. &#x413;&#x440;&#x438;&#x43D;&#x431;&#x435;&#x440;&#x433;</subfield>
    <subfield code="z">eng</subfield>
  </datafield>
  <datafield tag="208" ind1=" " ind2=" ">
    <subfield code="a">&#x41A;&#x43B;&#x430;&#x432;&#x438;&#x440; &#x438; &#x43F;&#x430;&#x440;&#x442;&#x438;&#x44F;</subfield>
  </datafield>
  <datafield tag="210" ind1=" " ind2=" ">
    <subfield code="a">&#x421;&#x430;&#x43D;&#x43A;&#x442;-&#x41F;&#x435;&#x442;&#x435;&#x440;&#x431;&#x443;&#x440;&#x433;</subfield>
    <subfield code="c">&#x41A;&#x43E;&#x43C;&#x43F;&#x43E;&#x437;&#x438;&#x442;&#x43E;&#x440; - &#x421;&#x430;&#x43D;&#x43A;&#x442;-&#x41F;&#x435;&#x442;&#x435;&#x440;&#x431;&#x443;&#x440;&#x433;</subfield>
    <subfield code="d">cop. 2004</subfield>
  </datafield>
  <datafield tag="215" ind1=" " ind2=" ">
    <subfield code="a">59 &#x441;., &#x43F;&#x430;&#x440;&#x442;. (20 &#x441;.)</subfield>
    <subfield code="d">29 &#x441;&#x43C;</subfield>
  </datafield>
  <datafield tag="225" ind1="1" ind2=" ">
    <subfield code="a">&#x417;&#x43E;&#x43B;&#x43E;&#x442;&#x43E;&#x439; &#x440;&#x435;&#x43F;&#x435;&#x440;&#x442;&#x443;&#x430;&#x440; &#x441;&#x43A;&#x440;&#x438;&#x43F;&#x430;&#x447;&#x430;</subfield>
  </datafield>
  <datafield tag="225" ind1="1" ind2=" ">
    <subfield code="a">&#x422;&#x440;&#x430;&#x43D;&#x441;&#x43A;&#x440;&#x438;&#x43F;&#x446;&#x438;&#x438; &#x437;&#x43D;&#x430;&#x43C;&#x435;&#x43D;&#x438;&#x442;&#x44B;&#x445; &#x441;&#x43A;&#x440;&#x438;&#x43F;&#x430;&#x447;&#x435;&#x439;</subfield>
  </datafield>
  <datafield tag="327" ind1="1" ind2=" ">
    <subfield code="a">1. &#x420;&#x43E;&#x43C;&#x430;&#x43D;&#x441; "&#x410;&#x43F;&#x440;&#x435;&#x43B;&#x44C;" / &#x442;&#x440;&#x430;&#x43D;&#x441;&#x43A;&#x440;&#x438;&#x43F;&#x446;&#x438;&#x44F; &#x41A;. &#x41C;&#x43E;&#x441;&#x442;&#x440;&#x430;&#x441;&#x430; ;</subfield>
    <subfield code="a">2. &#x412;&#x43E;&#x43A;&#x430;&#x43B;&#x438;&#x437; : op. 34, &#x2116; 14 / &#x442;&#x440;&#x430;&#x43D;&#x441;&#x43A;&#x440;&#x438;&#x43F;&#x446;&#x438;&#x44F; &#x41C;. &#x41F;&#x440;&#x435;&#x441;&#x441;&#x430; ;</subfield>
    <subfield code="a">3. &#x41F;&#x440;&#x435;&#x43B;&#x44E;&#x434;&#x438;&#x44F; [D-dur] : op. 23, &#x2116; 4 / &#x442;&#x440;&#x430;&#x43D;&#x441;&#x43A;&#x440;&#x438;&#x43F;&#x446;&#x438;&#x44F; &#x41C;. &#x42D;&#x440;&#x434;&#x435;&#x43D;&#x43A;&#x43E; ;</subfield>
    <subfield code="a">4. &#x41C;&#x430;&#x440;&#x433;&#x430;&#x440;&#x438;&#x442;&#x43A;&#x438; : op. 38, &#x2116; 3 / &#x442;&#x440;&#x430;&#x43D;&#x441;&#x43A;&#x440;&#x438;&#x43F;&#x446;&#x438;&#x44F; &#x424;. &#x41A;&#x440;&#x435;&#x439;&#x441;&#x43B;&#x435;&#x440;&#x430; ;</subfield>
    <subfield code="a">5. &#x421;&#x435;&#x440;&#x435;&#x43D;&#x430;&#x434;&#x430; : op. 3, &#x2116; 5 / &#x442;&#x440;&#x430;&#x43D;&#x441;&#x43A;&#x440;&#x438;&#x43F;&#x446;&#x438;&#x44F; &#x41C;. &#x41F;&#x440;&#x435;&#x441;&#x441;&#x430; ;</subfield>
    <subfield code="a">6. &#x41F;&#x440;&#x435;&#x43B;&#x44E;&#x434;&#x438;&#x44F; [G-dur] : op. 32, &#x2116; 5 / &#x442;&#x440;&#x430;&#x43D;&#x441;&#x43A;&#x440;&#x438;&#x43F;&#x446;&#x438;&#x44F; &#x41C;. &#x42D;&#x440;&#x434;&#x435;&#x43D;&#x43A;&#x43E; ;</subfield>
    <subfield code="a">7. &#x420;&#x43E;&#x43C;&#x430;&#x43D;&#x441; : op. 6, &#x2116; 1 / &#x442;&#x440;&#x430;&#x43D;&#x441;&#x43A;&#x440;&#x438;&#x43F;&#x446;&#x438;&#x44F; &#x41C;. &#x42D;&#x440;&#x434;&#x435;&#x43D;&#x43A;&#x43E; ;</subfield>
    <subfield code="a">8. &#x41F;&#x43B;&#x44F;&#x441;&#x43A;&#x430; &#x446;&#x44B;&#x433;&#x430;&#x43D;&#x43E;&#x43A; : &#x438;&#x437; &#x43E;&#x43F;&#x435;&#x440;&#x44B; "&#x410;&#x43B;&#x435;&#x43A;&#x43E;" / &#x442;&#x440;&#x430;&#x43D;&#x441;&#x43A;&#x440;&#x438;&#x43F;&#x446;&#x438;&#x44F; &#x421;. &#x414;&#x443;&#x448;&#x43A;&#x438;&#x43D;&#x430;</subfield>
  </datafield>
  <datafield tag="464" ind1=" " ind2="0">
    <subfield code="1">2001#$a&#x420;&#x43E;&#x43C;&#x430;&#x43D;&#x441; "&#x410;&#x43F;&#x440;&#x435;&#x43B;&#x44C;"$f&#x442;&#x440;&#x430;&#x43D;&#x441;&#x43A;&#x440;&#x438;&#x43F;&#x446;&#x438;&#x44F; &#x41A;. &#x41C;&#x43E;&#x441;&#x442;&#x440;&#x430;&#x441;&#x430;</subfield>
    <subfield code="1">215##$a&#x421;.3-6</subfield>
    <subfield code="1">702#1$9z01790$a&#x41C;&#x43E;&#x441;&#x442;&#x440;&#x430;&#x441;$b&#x41A;. &#x413;.$g&#x41A;&#x43E;&#x43D;&#x441;&#x442;&#x430;&#x43D;&#x442;&#x438;&#x43D; &#x413;&#x435;&#x43E;&#x440;&#x433;&#x438;&#x435;&#x432;&#x438;&#x447;$f1886-1965$4030$7ca</subfield>
    <subfield code="1">790#1$9z01702$aMostras$bK. G.$gKonstantin Georgievi&#x10D;$f1886-1965$4030$7ba</subfield>
    <subfield code="t">&#x420;&#x43E;&#x43C;&#x430;&#x43D;&#x441; "&#x410;&#x43F;&#x440;&#x435;&#x43B;&#x44C;"</subfield>
  </datafield>
  <datafield tag="464" ind1=" " ind2="0">
    <subfield code="1">2001#$a&#x412;&#x43E;&#x43A;&#x430;&#x43B;&#x438;&#x437;$eop. 34, &#x2116; 14$f&#x442;&#x440;&#x430;&#x43D;&#x441;&#x43A;&#x440;&#x438;&#x43F;&#x446;&#x438;&#x44F; &#x41C;. &#x41F;&#x440;&#x435;&#x441;&#x441;&#x430;</subfield>
    <subfield code="1">215##$a&#x421;.7-10</subfield>
    <subfield code="1">702#1$9z01790$a&#x41F;&#x440;&#x435;&#x441;&#x441;$b&#x41C;. &#x418;.$g&#x41C;&#x438;&#x445;&#x430;&#x438;&#x43B; &#x418;&#x441;&#x430;&#x430;&#x43A;&#x43E;&#x432;&#x438;&#x447;$f1871-1938$4030$7ca</subfield>
    <subfield code="1">790#1$9z01702$aPress$bM. I.$gMichail Isaakovi&#x10D;$f1871-1938$4030$7ba</subfield>
    <subfield code="t">&#x412;&#x43E;&#x43A;&#x430;&#x43B;&#x438;&#x437;</subfield>
  </datafield>
  <datafield tag="464" ind1=" " ind2="0">
    <subfield code="1">2001#$a&#x41F;&#x440;&#x435;&#x43B;&#x44E;&#x434;&#x438;&#x44F; [D-dur]$eop. 23, &#x2116; 4$f&#x442;&#x440;&#x430;&#x43D;&#x441;&#x43A;&#x440;&#x438;&#x43F;&#x446;&#x438;&#x44F; &#x41C;. &#x42D;&#x440;&#x434;&#x435;&#x43D;&#x43A;&#x43E;</subfield>
    <subfield code="1">215##$a&#x421;.11-15</subfield>
    <subfield code="1">702#1$9z01790$a&#x42D;&#x440;&#x434;&#x435;&#x43D;&#x43A;&#x43E;$b&#x41C;. &#x413;.$g&#x41C;&#x438;&#x445;&#x430;&#x438;&#x43B; &#x413;&#x430;&#x432;&#x440;&#x438;&#x43B;&#x43E;&#x432;&#x438;&#x447;$f1880-1940$4030$7ca</subfield>
    <subfield code="1">790#1$9z01702$a&#xCA;rdenko$bM. G.$gMichail Gavrilovi&#x10D;$f1885-1940$4030$7ba</subfield>
    <subfield code="t">&#x41F;&#x440;&#x435;&#x43B;&#x44E;&#x434;&#x438;&#x44F; [D-dur]</subfield>
  </datafield>
  <datafield tag="464" ind1=" " ind2="0">
    <subfield code="1">2001#$a&#x41C;&#x430;&#x440;&#x433;&#x430;&#x440;&#x438;&#x442;&#x43A;&#x438;$eop. 38, &#x2116; 3$f&#x442;&#x440;&#x430;&#x43D;&#x441;&#x43A;&#x440;&#x438;&#x43F;&#x446;&#x438;&#x44F; &#x424;. &#x41A;&#x440;&#x435;&#x439;&#x441;&#x43B;&#x435;&#x440;&#x430;</subfield>
    <subfield code="1">215##$a&#x421;.16-21</subfield>
    <subfield code="1">702#1$9z01790$a&#x41A;&#x440;&#x435;&#x439;&#x441;&#x43B;&#x435;&#x440;$b&#x424;.$g&#x424;&#x440;&#x438;&#x446;$f1875-1962$4030$7ca</subfield>
    <subfield code="1">790#1$9z01702$aKreisler$bF.$gFritz$f1875-1962$4030$7ba</subfield>
    <subfield code="t">&#x41C;&#x430;&#x440;&#x433;&#x430;&#x440;&#x438;&#x442;&#x43A;&#x438;</subfield>
  </datafield>
  <datafield tag="464" ind1=" " ind2="0">
    <subfield code="1">2001#$a&#x421;&#x435;&#x440;&#x435;&#x43D;&#x430;&#x434;&#x430;$eop. 3, &#x2116; 5$f&#x442;&#x440;&#x430;&#x43D;&#x441;&#x43A;&#x440;&#x438;&#x43F;&#x446;&#x438;&#x44F; &#x41C;. &#x41F;&#x440;&#x435;&#x441;&#x441;&#x430;</subfield>
    <subfield code="1">215##$a&#x421;.22-30</subfield>
    <subfield code="1">702#1$9z01790$a&#x41F;&#x440;&#x435;&#x441;&#x441;$b&#x41C;. &#x418;.$g&#x41C;&#x438;&#x445;&#x430;&#x438;&#x43B; &#x418;&#x441;&#x430;&#x430;&#x43A;&#x43E;&#x432;&#x438;&#x447;$f1871-1938$4030$7ca</subfield>
    <subfield code="1">790#1$9z01702$aPress$bM. I.$gMichail Isaakovi&#x10D;$f1871-1938$4030$7ba</subfield>
    <subfield code="t">&#x421;&#x435;&#x440;&#x435;&#x43D;&#x430;&#x434;&#x430;</subfield>
  </datafield>
  <datafield tag="464" ind1=" " ind2="0">
    <subfield code="1">2001#$a&#x41F;&#x440;&#x435;&#x43B;&#x44E;&#x434;&#x438;&#x44F; [G-dur]$eop. 32, &#x2116; 5$f&#x442;&#x440;&#x430;&#x43D;&#x441;&#x43A;&#x440;&#x438;&#x43F;&#x446;&#x438;&#x44F; &#x41C;. &#x42D;&#x440;&#x434;&#x435;&#x43D;&#x43A;&#x43E;</subfield>
    <subfield code="1">215##$a&#x421;.31-36</subfield>
    <subfield code="1">702#1$9z01790$a&#x42D;&#x440;&#x434;&#x435;&#x43D;&#x43A;&#x43E;$b&#x41C;. &#x413;.$g&#x41C;&#x438;&#x445;&#x430;&#x438;&#x43B; &#x413;&#x430;&#x432;&#x440;&#x438;&#x43B;&#x43E;&#x432;&#x438;&#x447;$f1880-1940$4030$7ca</subfield>
    <subfield code="1">790#1$9z01702$a&#xCA;rdenko$bM. G.$gMichail Gavrilovi&#x10D;$f1885-1940$4030$7ba</subfield>
    <subfield code="t">&#x41F;&#x440;&#x435;&#x43B;&#x44E;&#x434;&#x438;&#x44F; [G-dur]</subfield>
  </datafield>
  <datafield tag="464" ind1=" " ind2="0">
    <subfield code="1">2001#$a&#x420;&#x43E;&#x43C;&#x430;&#x43D;&#x441;$eop. 6, &#x2116; 1$f&#x442;&#x440;&#x430;&#x43D;&#x441;&#x43A;&#x440;&#x438;&#x43F;&#x446;&#x438;&#x44F; &#x41C;. &#x42D;&#x440;&#x434;&#x435;&#x43D;&#x43A;&#x43E;</subfield>
    <subfield code="1">215##$a&#x421;.37-46</subfield>
    <subfield code="1">702#1$9z01790$a&#x42D;&#x440;&#x434;&#x435;&#x43D;&#x43A;&#x43E;$b&#x41C;. &#x413;.$g&#x41C;&#x438;&#x445;&#x430;&#x438;&#x43B; &#x413;&#x430;&#x432;&#x440;&#x438;&#x43B;&#x43E;&#x432;&#x438;&#x447;$f1880-1940$4030$7ca</subfield>
    <subfield code="1">790#1$9z01702$a&#xCA;rdenko$bM. G.$gMichail Gavrilovi&#x10D;$f1885-1940$4030$7ba</subfield>
    <subfield code="t">&#x420;&#x43E;&#x43C;&#x430;&#x43D;&#x441;</subfield>
  </datafield>
  <datafield tag="464" ind1=" " ind2="0">
    <subfield code="1">2001#$a&#x41F;&#x43B;&#x44F;&#x441;&#x43A;&#x430; &#x446;&#x44B;&#x433;&#x430;&#x43D;&#x43E;&#x43A;$e&#x438;&#x437; &#x43E;&#x43F;&#x435;&#x440;&#x44B; "&#x410;&#x43B;&#x435;&#x43A;&#x43E;"$f&#x442;&#x440;&#x430;&#x43D;&#x441;&#x43A;&#x440;&#x438;&#x43F;&#x446;&#x438;&#x44F; &#x421;. &#x414;&#x443;&#x448;&#x43A;&#x438;&#x43D;&#x430;</subfield>
    <subfield code="1">215##$a&#x421;.47-59</subfield>
    <subfield code="1">50000$a&#x410;&#x43B;&#x435;&#x43A;&#x43E;$b&#x41D;&#x43E;&#x442;&#x44B;$l&#x41E;&#x43F;&#x435;&#x440;&#x430;</subfield>
    <subfield code="1">702#1$9z01790$a&#x414;&#x443;&#x448;&#x43A;&#x438;&#x43D;$b&#x421;.$g&#x421;&#x430;&#x43C;&#x443;&#x44D;&#x43B;&#x44C;$f1891-1976$4030$7ca</subfield>
    <subfield code="1">790#1$9z01702$aDu&#x161;kin$bS.$gSamuel$f1891-1976$4030$7ba</subfield>
    <subfield code="t">&#x41F;&#x43B;&#x44F;&#x441;&#x43A;&#x430; &#x446;&#x44B;&#x433;&#x430;&#x43D;&#x43E;&#x43A;</subfield>
  </datafield>
  <datafield tag="606" ind1="1" ind2=" ">
    <subfield code="a">&#x41F;&#x435;&#x440;&#x435;&#x43B;&#x43E;&#x436;&#x435;&#x43D;&#x438;&#x44F; &#x434;&#x43B;&#x44F; &#x441;&#x43A;&#x440;&#x438;&#x43F;&#x43A;&#x438; &#x438; &#x444;&#x43E;&#x440;&#x442;&#x435;&#x43F;&#x438;&#x430;&#x43D;&#x43E;</subfield>
    <subfield code="y">&#x420;&#x43E;&#x441;&#x441;&#x438;&#x44F;</subfield>
    <subfield code="z">19-21 &#x432;&#x435;&#x43A;</subfield>
    <subfield code="2">nlr_sh</subfield>
  </datafield>
  <datafield tag="686" ind1=" " ind2=" ">
    <subfield code="a">&#x429;955.4-42-09-058&#x44F;44(28)</subfield>
    <subfield code="v">LBC/SL</subfield>
    <subfield code="2">rubbk</subfield>
  </datafield>
  <datafield tag="700" ind1=" " ind2="1">
    <subfield code="9">z01790</subfield>
    <subfield code="a">&#x420;&#x430;&#x445;&#x43C;&#x430;&#x43D;&#x438;&#x43D;&#x43E;&#x432;</subfield>
    <subfield code="b">&#x421;. &#x412;.</subfield>
    <subfield code="f">1873-1943</subfield>
    <subfield code="g">&#x421;&#x435;&#x440;&#x433;&#x435;&#x439; &#x412;&#x430;&#x441;&#x438;&#x43B;&#x44C;&#x435;&#x432;&#x438;&#x447;</subfield>
    <subfield code="4">230</subfield>
    <subfield code="7">ca</subfield>
  </datafield>
  <datafield tag="702" ind1=" " ind2="1">
    <subfield code="9">z02790</subfield>
    <subfield code="a">&#x413;&#x440;&#x438;&#x43D;&#x431;&#x435;&#x440;&#x433;</subfield>
    <subfield code="b">&#x421;. &#x41B;.</subfield>
    <subfield code="c">&#x440;&#x435;&#x434;.-&#x441;&#x43E;&#x441;&#x442;.</subfield>
    <subfield code="f">1947-</subfield>
    <subfield code="g">&#x421;&#x435;&#x440;&#x433;&#x435;&#x439; &#x41B;&#x44C;&#x432;&#x43E;&#x432;&#x438;&#x447;</subfield>
    <subfield code="4">340</subfield>
    <subfield code="4">220</subfield>
    <subfield code="7">ca</subfield>
  </datafield>
  <datafield tag="790" ind1=" " ind2="1">
    <subfield code="9">z01700</subfield>
    <subfield code="a">Rakhmaninov</subfield>
    <subfield code="b">S. V.</subfield>
    <subfield code="f">1873 - 1943</subfield>
    <subfield code="g">Sergey Vasilyevich</subfield>
    <subfield code="4">230</subfield>
  </datafield>
  <datafield tag="790" ind1=" " ind2="1">
    <subfield code="9">z02702</subfield>
    <subfield code="a">Grinberg</subfield>
    <subfield code="b">S.</subfield>
    <subfield code="g">Sergej</subfield>
    <subfield code="4">340</subfield>
    <subfield code="4">220</subfield>
    <subfield code="7">ba</subfield>
  </datafield>
  <datafield tag="801" ind1=" " ind2="0">
    <subfield code="a">RU</subfield>
    <subfield code="b">NLR</subfield>
    <subfield code="c">20190115</subfield>
    <subfield code="g">PSBO</subfield>
  </datafield>
  <datafield tag="801" ind1=" " ind2="1">
    <subfield code="a">RU</subfield>
    <subfield code="b">NLR</subfield>
    <subfield code="c">20190115</subfield>
    <subfield code="2">rusmarc</subfield>
  </datafield>
  <datafield tag="801" ind1=" " ind2="2">
    <subfield code="a">RU</subfield>
    <subfield code="b">NLR</subfield>
    <subfield code="c">20200113</subfield>
  </datafield>
  <datafield tag="852" ind1=" " ind2=" ">
    <subfield code="a">NLR</subfield>
    <subfield code="b">&#x41C;</subfield>
    <subfield code="j">&#x41A;-3/29731</subfield>
    <subfield code="p">267905</subfield>
    <subfield code="t">1</subfield>
  </datafield>
  <datafield tag="942" ind1=" " ind2=" ">
    <subfield code="c">SCORE</subfield>
  </datafield>
  <datafield tag="980" ind1=" " ind2=" ">
    <subfield code="a">NB</subfield>
  </datafield>
  <datafield tag="980" ind1=" " ind2=" ">
    <subfield code="a">ONIZ</subfield>
  </datafield>
  <datafield tag="995" ind1=" " ind2=" ">
    <subfield code="5">2019-01-15</subfield>
    <subfield code="b">NLR01</subfield>
    <subfield code="c">NLR01</subfield>
    <subfield code="e">ONIZ</subfield>
    <subfield code="k">&#x41A;-3/29731 &#x41A;-3/29731</subfield>
    <subfield code="o">0</subfield>
    <subfield code="r">SCORE</subfield>
    <subfield code="s">329731_329731</subfield>
  </datafield>
</record>
